Anagrammes villes françaises Série 02 - Statistiques

Statistiques générales
  • Ce quiz a été pris 250 fois
  • Le résultat moyen est 8 sur 10
Statistiques - réponses
Anagramme Ville % Correct
ide Die
96%
ness Sens
95%
scanne Cannes
94%
bail Albi
87%
ranges Angers
80%
vibre Brive
79%
louves Vesoul
75%
andes Sedan
71%
guêtre Gueret
48%
plaine Epinal
38%
Aucun quiz correspondant
Distribution des résultats
% des personnes avec chaque résultat
Percentile par nombre de réponses
Votre historique - résultats
Vous n’avez pas pris ce quiz